00719 2200253 4500001002100000005001700021008004100038020001800079035002500097040001200122082000800134084001400142100001700156245007100173250001000244260005100254300004400305500003100349650001900380850001200399990001800411990001800429990001800447INLIS00000000000617920150914090550.0  a979-420-854-X a0010-061500000000300 aYOPDYOG a543 a543 Abd V aABDUL ROHMAN aValidasi dan penjaminan mutu metode analisis kimiac/ Abdul Rohman aCet.1 aYogyakartabGadjah Mada University Pressc2014 axi, 238 hlm.b: ilus.c; 23 cm [3 eks.] aBibliografi : hlm. 231-233 aKimia analitis aYOPDYOG a13818-PD/B.15 a13819-PD/B.15 a13820-PD/B.15